| 000 | 00524nam a2200169Ia 4500 | ||
|---|---|---|---|
| 001 | 1978 | ||
| 008 | 221216s1995 ii a g b000 u 465 u | ||
| 020 | _a81-86062-11-4 | ||
| 082 | _a500.03 | ||
| 100 | _aWalker, Peter M. B . | ||
| 245 | 0 |
_aDictionary of science and technology / _cPeter M. B. Walker ed. _hTextual Documents |
|
| 250 | _a1st ed / | ||
| 260 |
_aNew Delhi : _bAllied chambers ( India ) limited , _c1995. |
||
| 300 |
_a1236p. : _bill ; _c25cm . |
||
| 653 | _aDictionary - science and technology | ||
| 942 |
_2ddc _cBK |
||
| 999 |
_c1971 _d1971 |
||